| 000 | 00909 a2200289 4500 | ||
|---|---|---|---|
| 001 | 200421758 | ||
| 650 | 0 | 0 |
_96512 _aÖzelleştirme _zTürkiye _xTürkiye |
| 650 | 0 | 0 |
_961627 _aPrivatization _zTurkey _xTurkey |
| 650 | 0 | 0 |
_985507 _aKamu iktisadi teşebbüsleri _zTürkiye _xTürkiye |
| 650 | 0 | 0 |
_985515 _aGovernment business enterprises _zTurkey _xTurkey |
| 999 |
_c200421758 _d38872 |
||
| 003 | TR-AnTOB | ||
| 005 | 20210823095439.0 | ||
| 008 | 150407s tu 000 0 | ||
| 040 |
_aTR-AnTOB _btur _erda |
||
| 041 | 0 | _atur | |
| 050 | 0 | 0 |
_aHJ4276.7. _bK36 1996 |
| 090 | _aHJ4276.7. .K36 1996 | ||
| 245 | 1 | 0 |
_aKamu bankalarının özelleştirilmesi / _cEditör Sadi Uzunoğlu. |
| 264 |
_aİstanbul: _bGYİAD, _c1996 |
||
| 300 |
_a77 sayfa. _c27 sm. |
||
| 336 |
_atext _2rdacontent |
||
| 337 |
_aunmediated _2rdamedia |
||
| 338 |
_avolume _2rdacarrier |
||
| 650 | 0 | 0 |
_aBanks and banking _zTurkey _xTurkey _97720 |
| 942 | _cBK | ||